[Event "Madrid-ch final"]
[Site "Madrid"]
[Date "2020.07.21"]
[Round "4"]
[White "Almagro Llamas, Pablo"]
[Black "Solaesa Navalpotro, Luis Julio"]
[Result "0-1"]
[WhiteElo "2443"]
[BlackElo "2240"]
[PlyCount "88"]
[EventDate "2020.07.18"]
[EventType "swiss"]
[EventRounds "7"]
[EventCountry "ESP"]
[SourceTitle "EXT 2021"]
[Source "ChessBase"]
[SourceDate "2020.10.23"]
[SourceVersion "1"]
[SourceVersionDate "2020.10.23"]
[SourceQuality "1"]

1. d4 Nf6 2. Nf3 e6 3. e3 d5 4. c4 c5 5. cxd5 exd5 6. Bb5+ Bd7 7. Bxd7+ Qxd7 8. 0-0 Nc6 9. b3 cxd4 10. Nxd4 Be7 11. Bb2 0-0 12. Nc3 Rac8 13. Nxc6 bxc6 14. Rc1 Bd6 15. Qd3 Ng4 16. h3 Ne5 17. Qe2 Rfe8 18. Na4 Qf5 19. Rfd1 Re6 20. f4 Ng6 21. Qf3 Nh4 22. Qg3 Ng6 23. Bd4 Ba3 24. Rc3 Bb4 25. Rcd3 c5 26. Bb2 d4 27. a3 Ba5 28. b4 Bc7 29. Nxc5 Rxe3 30. Rxe3 dxe3 31. Qxe3 Bxf4 32. Qd3 Qg5 33. Qd7 Be3+ 34. Kh1 Rf8 35. Ne4 Qf4 36. Qd3 Bb6 37. Qc3 f6 38. Nd6 Ne5 39. a4 h6 40. a5 Be3 41. Qb3+ Kh8 42. Qe6 Nf3 43. gxf3 Qxf3+ 44. Kh2 Bf4+ 0-1

[Event "Madrid-ch final"]
[Site "Madrid"]
[Date "2020.07.19"]
[Round "2"]
[White "Reyes Penas, Sebastian"]
[Black "Solaesa Navalpotro, Luis Julio"]
[Result "1-0"]
[WhiteElo "2272"]
[BlackElo "2240"]
[PlyCount "53"]
[EventDate "2020.07.18"]
[EventType "swiss"]
[EventRounds "7"]
[EventCountry "ESP"]
[SourceTitle "EXT 2021"]
[Source "ChessBase"]
[SourceDate "2020.10.23"]
[SourceVersion "1"]
[SourceVersionDate "2020.10.23"]
[SourceQuality "1"]

1. e4 e5 2. Nf3 Nc6 3. Bb5 Nd4 4. Nxd4 exd4 5. 0-0 Bc5 6. Qh5 Bb6 7. d3 Ne7 8. Bg5 0-0 9. Bc4 Qe8 10. f4 Kh8 11. e5 d6 12. exd6 Nf5 13. Be7 Nxe7 14. dxe7 Qxe7 15. Nd2 Qe3+ 16. Rf2 f5 17. Nf3 Qe8 18. Qh4 Ba5 19. a3 c5 20. b4 cxb4 21. Re1 Qc6 22. Ne5 Qf6 23. Nf7+ Rxf7 24. Re8+ Rf8 25. Qxf6 gxf6 26. Rxf8+ Kg7 27. Rg8+ 1-0

[Event "Tres Cantos op 11th"]
[Site "Tres Cantos"]
[Date "2019.06.24"]
[Round "3"]
[White "Solaesa Navalpotro, Luis Julio"]
[Black "Plazuelo Pascual, Juan"]
[Result "0-1"]
[WhiteElo "2251"]
[BlackElo "2403"]
[PlyCount "52"]
[EventDate "2019.06.22"]
[EventType "swiss"]
[EventRounds "9"]
[EventCountry "ESP"]
[SourceTitle "CBM 195 Extra"]
[Source "ChessBase"]
[SourceDate "2020.05.31"]
[SourceVersion "1"]
[SourceVersionDate "2020.05.31"]
[SourceQuality "1"]

1. d4 e6 2. c4 b6 3. Nf3 Bb7 4. Nc3 Bb4 5. Qc2 f5 6. a3 Bxc3+ 7. Qxc3 Nf6 8. g3 0-0 9. Bg2 Qe7 10. 0-0 d6 11. b4 Nbd7 12. Bb2 c5 13. dxc5 bxc5 14. Rad1 Rfd8 15. b5 Nb6 16. Nd2 Bxg2 17. Kxg2 d5 18. cxd5 exd5 19. Qf3 Qe6 20. Bxf6 Qxf6 21. Nb3 Rac8 22. Na5 Rd7 23. a4 Qe6 24. Nc6 a6 25. Qf4 d4 26. Nb8 Nd5 0-1

[Event "Tres Cantos op 11th"]
[Site "Tres Cantos"]
[Date "2019.06.23"]
[Round "2"]
[White "Solaesa Navalpotro, Luis Julio"]
[Black "Estevez Sacristan, Deva"]
[Result "1-0"]
[WhiteElo "2251"]
[BlackElo "1994"]
[PlyCount "75"]
[EventDate "2019.06.22"]
[EventType "swiss"]
[EventRounds "9"]
[EventCountry "ESP"]
[SourceTitle "CBM 195 Extra"]
[Source "ChessBase"]
[SourceDate "2020.05.31"]
[SourceVersion "1"]
[SourceVersionDate "2020.05.31"]
[SourceQuality "1"]

1. d4 f5 2. Nf3 Nf6 3. g3 g6 4. Bg2 Bg7 5. 0-0 0-0 6. b3 d6 7. Bb2 e5 8. dxe5 Ng4 9. Qd5+ Kh8 10. Bc3 dxe5 11. Qxd8 Rxd8 12. h3 e4 13. hxg4 exf3 14. exf3 Nc6 15. Bxg7+ Kxg7 16. gxf5 Nb4 17. Na3 Bxf5 18. f4 c6 19. c3 Nc2 20. Nxc2 Bxc2 21. Rfe1 Kf7 22. Re2 Bd1 23. Re4 Rd7 24. Rd4 Rxd4 25. cxd4 Bg4 26. d5 c5 27. Be4 Rd8 28. f3 Bc8 29. Rc1 b6 30. b4 cxb4 31. Rc7+ Kg8 32. Rxa7 Bd7 33. Kf2 Kf8 34. Ke3 Ke7 35. Kd4 Kd6 36. Rb7 b5 37. Rb6+ Kc7 38. Kc5 1-0

[Event "Madrid Chamartin op 6th"]
[Site "Madrid"]
[Date "2017.09.07"]
[Round "6"]
[White "Solaesa Navalpotro, Luis Julio"]
[Black "Callejo Hernanz, Jesus Maria"]
[Result "1-0"]
[WhiteElo "2272"]
[BlackElo "1820"]
[PlyCount "71"]
[EventDate "2017.09.04"]
[EventType "swiss"]
[EventRounds "9"]
[EventCountry "ESP"]
[SourceTitle "CBM 180 Extra"]
[Source "ChessBase"]
[SourceDate "2017.10.06"]
[SourceVersion "1"]
[SourceVersionDate "2017.10.06"]
[SourceQuality "1"]

1. d4 d5 2. c4 c6 3. Nf3 Nf6 4. Qc2 g6 5. Bf4 Bg7 6. e3 0-0 7. Bd3 dxc4 8. Bxc4 Bf5 9. Qe2 Qa5+ 10. Nbd2 Nbd7 11. 0-0 Ne4 12. Nb3 Qb6 13. Nh4 e5 14. dxe5 Nxe5 15. Nxf5 gxf5 16. Bxe5 Bxe5 17. Qh5 Qc7 18. Qxf5 Bxh2+ 19. Kh1 Qe5 20. Qh3 Bg3 21. Bd3 Kh8 22. Bxe4 Qxe4 23. Qxg3 Rg8 24. Qh3 Rg5 25. f4 Rg6 26. Qf3 Qe7 27. f5 Rh6+ 28. Kg1 Rg8 29. Qf4 Rh4 30. f6 Rxf4 31. fxe7 Rfg4 32. Rf2 Re4 33. Rxf7 Rxe3 34. Kf2 Reg3 35. Rg1 h5 36. e8Q 1-0

[Event "Madrid Chamartin op 6th"]
[Site "Madrid"]
[Date "2017.09.06"]
[Round "4"]
[White "Solaesa Navalpotro, Luis Julio"]
[Black "Alfaya Marcelo, Roberto"]
[Result "0-1"]
[WhiteElo "2272"]
[BlackElo "2126"]
[PlyCount "90"]
[EventDate "2017.09.04"]
[EventType "swiss"]
[EventRounds "9"]
[EventCountry "ESP"]
[SourceTitle "CBM 180 Extra"]
[Source "ChessBase"]
[SourceDate "2017.10.06"]
[SourceVersion "1"]
[SourceVersionDate "2017.10.06"]
[SourceQuality "1"]

1. d4 Nf6 2. Nf3 e6 3. c4 b6 4. g3 Bb7 5. Bg2 Be7 6. Nc3 Ne4 7. Bd2 0-0 8. d5 Nxd2 9. Qxd2 d6 10. 0-0 e5 11. e4 a5 12. Ne1 Bf6 13. Nc2 Qe7 14. Ne3 g6 15. f4 exf4 16. gxf4 Na6 17. Rae1 Rae8 18. Ng4 Bg7 19. e5 Qh4 20. Nf6+ Bxf6 21. exf6 Bc8 22. Ne4 Bf5 23. Qf2 Qxf2+ 24. Kxf2 Bxe4 25. Bxe4 Nc5 26. Bc2 Nd7 27. Re7 Rxe7 28. fxe7 Re8 29. Re1 Nc5 30. b3 f5 31. a3 Kf7 32. b4 Nb7 33. h4 Rxe7 34. Rh1 Re8 35. h5 Kg7 36. hxg6 hxg6 37. Rg1 Kf6 38. Rh1 axb4 39. axb4 Nd8 40. Ra1 Nf7 41. Ra7 Re7 42. Ra8 Nh6 43. Bd1 Re4 44. Be2 Rxf4+ 45. Ke1 Re4 0-1

[Event "Madrid-chT 1617"]
[Site "Madrid"]
[Date "2017.03.05"]
[Round "12.11"]
[White "Solaesa Navalpotro, Luis Julio"]
[Black "Moreno Ibanez, Miguel"]
[Result "1/2-1/2"]
[WhiteElo "2215"]
[BlackElo "2286"]
[PlyCount "102"]
[EventDate "2016.11.20"]
[EventType "team-tourn"]
[EventRounds "14"]
[EventCountry "ESP"]
[SourceTitle "EXT 2018"]
[Source "ChessBase"]
[SourceDate "2017.10.13"]
[SourceVersion "1"]
[SourceVersionDate "2017.10.13"]
[SourceQuality "1"]
[WhiteTeam "Moratalaz"]
[BlackTeam "Pueblo Nuevo"]
[WhiteTeamCountry "ESP"]
[BlackTeamCountry "ESP"]

1. Nf3 Nf6 2. c4 g6 3. Nc3 Bg7 4. g3 0-0 5. Bg2 d6 6. d4 c6 7. 0-0 Qa5 8. h3 Be6 9. Nd2 Rd8 10. e4 Qb6 11. d5 Bc8 12. Nf3 Na6 13. Qe2 Nc5 14. Be3 Nfd7 15. Rab1 Qc7 16. Bd4 a5 17. Bxg7 Kxg7 18. Rfe1 e5 19. dxe6 Nxe6 20. Rbd1 Ne5 21. Kh2 h5 22. Rd2 b6 23. Red1 Bb7 24. b3 Qe7 25. Qe3 Nc5 26. Nd4 f6 27. f4 Nf7 28. f5 g5 29. Na4 Kg8 30. Nxb6 Rab8 31. Qe2 Ne5 32. Qxh5 Kg7 33. Na4 Rh8 34. Qe2 Nxa4 35. Ne6+ Kf7 36. bxa4 Ba6 37. Rxd6 Bxc4 38. Qd2 Rxh3+ 39. Bxh3 Nf3+ 40. Kg2 Nxd2 41. R6xd2 Qa3 42. Rd7+ Ke8 43. Bg4 Rb2+ 44. Kh1 Bd5 45. Rd8+ Ke7 46. exd5 cxd5 47. R8xd5 Rb7 48. Kg2 Qxa4 49. Nc5 Qxg4 50. Nxb7 Qe2+ 51. Kg1 Qe3+ 1/2-1/2

[Event "Madrid-chT 1617"]
[Site "Madrid"]
[Date "2017.02.26"]
[Round "11.21"]
[White "Martinez Reyes, Pedro Ramon"]
[Black "Solaesa Navalpotro, Luis Julio"]
[Result "1/2-1/2"]
[WhiteElo "2371"]
[BlackElo "2215"]
[PlyCount "202"]
[EventDate "2016.11.20"]
[EventType "team-tourn"]
[EventRounds "14"]
[EventCountry "ESP"]
[SourceTitle "EXT 2018"]
[Source "ChessBase"]
[SourceDate "2017.10.13"]
[SourceVersion "1"]
[SourceVersionDate "2017.10.13"]
[SourceQuality "1"]
[WhiteTeam "Blanco y Negro"]
[BlackTeam "Moratalaz"]
[WhiteTeamCountry "ESP"]
[BlackTeamCountry "ESP"]

1. Nf3 Nf6 2. d4 e6 3. g3 d5 4. Bg2 Be7 5. c4 0-0 6. Qc2 Nbd7 7. 0-0 c6 8. Rd1 b6 9. Ne5 Bb7 10. cxd5 cxd5 11. Nc6 Bxc6 12. Qxc6 Rc8 13. Qa4 Qc7 14. Nc3 Qb7 15. Qb3 a6 16. a4 Nb8 17. Bg5 Nc6 18. Rac1 h6 19. Bf4 Na5 20. Qa2 Rfd8 21. Be5 Nc6 22. Bf4 Na5 23. h3 Bd6 24. Be5 Qe7 25. Bxf6 Qxf6 26. e4 dxe4 27. Nxe4 Qe7 28. Rxc8 Rxc8 29. d5 exd5 30. Qxd5 Bc5 31. Qf5 Rc7 32. Nc3 Qe6 33. Qf4 Rd7 34. Rxd7 Qxd7 35. b4 Bd6 36. Qe4 Nb3 37. Qd3 Qe6 38. Ne2 Bxb4 39. Bd5 Nc5 40. Qc4 b5 41. axb5 axb5 42. Qxb5 Qxd5 43. Qxb4 Qd1+ 44. Kg2 Qd5+ 45. Kh2 Qf3 46. Qxc5 Qxe2 47. Qc8+ Kh7 48. Qf5+ Kg8 49. h4 g6 50. Qf6 h5 51. Kg2 Qe4+ 52. Kf1 Qd3+ 53. Ke1 Qc2 54. Qd4 Kh7 55. Kf1 Kg8 56. Kg2 Qc6+ 57. f3 Qc2+ 58. Qf2 Qc6 59. Kh3 Qe6+ 60. g4 hxg4+ 61. fxg4 f5 62. g5 f4+ 63. Kh2 Qg4 64. Qa2+ Kg7 65. Qb2+ Kg8 66. Qb3+ Kg7 67. Qc3+ Kh7 68. Qc7+ Kg8 69. Qd8+ Kg7 70. Qf6+ Kh7 71. Qf7+ Kh8 72. Qf8+ Kh7 73. Qh6+ Kg8 74. Qxg6+ Kh8 75. Qf6+ Kg8 76. Qd8+ Kg7 77. Qd4+ Kg8 78. Qf2 Kg7 79. Kh1 Kg6 80. Qc2+ Kg7 81. Qb2+ Kg6 82. Qf2 Kg7 83. Kh2 Kg6 84. Qc2+ Kg7 85. Qc3+ Kh7 86. Qh3 Qe2+ 87. Kg1 Qe1+ 88. Kg2 Qe2+ 89. Kh1 Qe1+ 90. Kh2 Qf2+ 91. Kh1 Qe1+ 92. Kg2 Qe2+ 93. Kg1 Qe1+ 94. Qf1 Qg3+ 95. Qg2 Qe1+ 96. Qf1 Qg3+ 97. Qg2 Qe1+ 98. Kh2 Qxh4+ 99. Qh3 Qxh3+ 100. Kxh3 Kg6 101. Kg4 f3 1/2-1/2

[Event "Madrid-chT 1617"]
[Site "Madrid"]
[Date "2017.01.15"]
[Round "5.11"]
[White "Moreno Ibanez, Miguel"]
[Black "Solaesa Navalpotro, Luis Julio"]
[Result "1/2-1/2"]
[WhiteElo "2286"]
[BlackElo "2215"]
[PlyCount "71"]
[EventDate "2016.11.20"]
[EventType "team-tourn"]
[EventRounds "14"]
[EventCountry "ESP"]
[SourceTitle "EXT 2018"]
[Source "ChessBase"]
[SourceDate "2017.10.13"]
[SourceVersion "1"]
[SourceVersionDate "2017.10.13"]
[SourceQuality "1"]
[WhiteTeam "Pueblo Nuevo"]
[BlackTeam "Moratalaz"]
[WhiteTeamCountry "ESP"]
[BlackTeamCountry "ESP"]

1. e4 e5 2. Nf3 Nc6 3. Bb5 a6 4. Ba4 Nf6 5. 0-0 b5 6. Bb3 Bc5 7. c3 d6 8. d4 Bb6 9. a4 Bb7 10. Re1 h6 11. Na3 0-0 12. Bc2 Re8 13. d5 Ne7 14. Be3 Bxe3 15. Rxe3 c6 16. dxc6 Bxc6 17. axb5 axb5 18. Bd3 Qb8 19. Qe1 Ng6 20. g3 Qb7 21. c4 bxc4 22. Nxc4 Rxa1 23. Qxa1 Ra8 24. Qe1 Qc7 25. Qc3 Rc8 26. b3 Ba8 27. Re1 Nf8 28. Qd2 Ne6 29. Bb1 Rd8 30. Qe2 Nc5 31. Nfd2 Rb8 32. Bc2 Ne6 33. Nf3 Nc5 34. Nfd2 Ne6 35. Nf3 Nc5 36. Nfd2 1/2-1/2

[Event "San Sebastian de los Reyes op 18th"]
[Site "San Sebastian"]
[Date "2016.12.11"]
[Round "9"]
[White "Solaesa Navalpotro, Luis Julio"]
[Black "Perez Gonzalez, Jose Manuel"]
[Result "1-0"]
[WhiteElo "2209"]
[BlackElo "2315"]
[PlyCount "87"]
[EventDate "2016.12.03"]
[EventType "swiss"]
[EventRounds "9"]
[EventCountry "ESP"]
[SourceTitle "CBM 176 Extra"]
[Source "ChessBase"]
[SourceDate "2017.03.02"]
[SourceVersion "1"]
[SourceVersionDate "2017.03.02"]
[SourceQuality "1"]

1. d4 g6 2. Nf3 Nf6 3. c4 Bg7 4. Nc3 0-0 5. Bf4 d6 6. e3 Bg4 7. Be2 Nfd7 8. h3 Bxf3 9. Bxf3 Nc6 10. 0-0 e5 11. dxe5 Ncxe5 12. Be2 Nb6 13. Qb3 Ned7 14. Rfd1 Re8 15. Qc2 Qe7 16. Bf3 Rab8 17. Nb5 Ne5 18. Be2 a6 19. Nd4 Nbd7 20. b4 c5 21. bxc5 dxc5 22. Nb3 b6 23. Rab1 Nf8 24. Nd2 Ne6 25. Bg3 Nd8 26. Ne4 Ndc6 27. a3 Red8 28. Nc3 Rxd1+ 29. Rxd1 Rd8 30. Nd5 Qa7 31. Bh4 Rb8 32. f4 Nd7 33. Qe4 Nf8 34. Nf6+ Bxf6 35. Bxf6 Na5 36. Bc3 f6 37. Bxf6 Qf7 38. Be5 Re8 39. Qd3 Nc6 40. Bb2 Qe6 41. Bf3 Qc8 42. Qc3 Re7 43. Bd5+ Ne6 44. Qh8+ 1-0

[Event "Madrid-chT 1617"]
[Site "Madrid"]
[Date "2016.11.20"]
[Round "1.22"]
[White "Suarez Uriel, Adrian"]
[Black "Solaesa Navalpotro, Luis Julio"]
[Result "1-0"]
[WhiteElo "2354"]
[BlackElo "2215"]
[PlyCount "80"]
[EventDate "2016.11.20"]
[EventType "team-tourn"]
[EventRounds "14"]
[EventCountry "ESP"]
[SourceTitle "EXT 2018"]
[Source "ChessBase"]
[SourceDate "2017.10.13"]
[SourceVersion "1"]
[SourceVersionDate "2017.10.13"]
[SourceQuality "1"]
[WhiteTeam "La Casa del Ajedrez"]
[BlackTeam "Moratalaz"]
[WhiteTeamCountry "ESP"]
[BlackTeamCountry "ESP"]

1. e4 c6 2. d4 d5 3. f3 Qb6 4. Nc3 e6 5. a3 Nf6 6. Be3 c5 7. exd5 exd5 8. Bb5+ Bd7 9. Qe2 Kd8 10. dxc5 Bxc5 11. Bxc5 Qxc5 12. Bxd7 Nbxd7 13. 0-0-0 Rc8 14. Qd2 Nb6 15. Qd4 a6 16. Nh3 Qxd4 17. Rxd4 Rc4 18. Rhd1 Rxd4 19. Rxd4 Kc7 20. a4 Kc6 21. Nf4 Kc5 22. Nce2 Re8 23. Nd3+ Kc6 24. Nef4 g5 25. Nh3 h6 26. b3 Nbd7 27. Nhf2 Nc5 28. Kd2 Ne6 29. Rb4 a5 30. Rb5 b6 31. Ne5+ Kc7 32. Neg4 Nxg4 33. Nxg4 Rd8 34. Nxh6 Nd4 35. Nxf7 Rd7 36. Nxg5 Nxb5 37. axb5 Kd6 38. f4 Ke7 39. h4 Kf6 40. h5 Kg7 1-0

[Event "Madrid Oliver Gonzalez Memorial 4th"]
[Site "Madrid"]
[Date "2015.10.11"]
[Round "2"]
[White "Largo Barbero, Benito"]
[Black "Solaesa Navalpotro, Luis Julio"]
[Result "0-1"]
[WhiteElo "2005"]
[BlackElo "2202"]
[PlyCount "73"]
[EventDate "2015.10.10"]
[EventType "swiss"]
[EventRounds "9"]
[EventCountry "ESP"]
[SourceTitle "CBM 168 Extra"]
[Source "ChessBase"]
[SourceDate "2015.10.29"]
[SourceVersion "1"]
[SourceVersionDate "2015.10.29"]
[SourceQuality "1"]

1. d4 Nf6 2. Bg5 c5 3. Bxf6 gxf6 4. d5 Qb6 5. Qc1 f5 6. c4 d6 7. e3 Bg7 8. Nc3 Nd7 9. f4 Nf6 10. Rb1 Ne4 11. Nxe4 fxe4 12. Kf2 e6 13. Ne2 exd5 14. cxd5 0-0 15. Ng3 Qd8 16. Be2 Bd7 17. Nh5 Bh8 18. h4 f5 19. g4 fxg4 20. Qg1 Kf7 21. Ng3 Qe7 22. Qg2 Rae8 23. b4 b6 24. bxc5 dxc5 25. Bc4 Kg6 26. Rbd1 Rf6 27. Nxe4 Bf5 28. h5+ Kh6 29. Nxf6 Qxe3+ 30. Kf1 Qxf4+ 31. Kg1 Bxf6 32. Qf2 Bd4 33. Rxd4 Qxd4 34. Qxd4 cxd4 35. Kf2 Rf8 36. Bb3 b5 37. Rd1 0-1

[Event "Madrid-chT 1415"]
[Site "Madrid"]
[Date "2015.02.01"]
[Round "8.2"]
[White "Arribas Lopez, Angel"]
[Black "Solaesa Navalpotro, Luis Julio"]
[Result "1-0"]
[WhiteElo "2537"]
[BlackElo "2251"]
[PlyCount "54"]
[EventDate "2014.11.23"]
[EventType "team-tourn"]
[EventRounds "14"]
[EventCountry "ESP"]
[SourceTitle "EXT 2016"]
[Source "ChessBase"]
[SourceDate "2015.10.08"]
[SourceVersion "1"]
[SourceVersionDate "2015.10.08"]
[SourceQuality "1"]
[WhiteTeam "Collado Villalba"]
[BlackTeam "Moratalaz"]
[WhiteTeamCountry "ESP"]
[BlackTeamCountry "ESP"]

1. e4 c6 2. Nc3 d5 3. Nf3 Nf6 4. e5 Ne4 5. Be2 e6 6. 0-0 Be7 7. Nb1 f6 8. d3 Nc5 9. exf6 Bxf6 10. d4 Ne4 11. Bd3 0-0 12. Re1 c5 13. c3 cxd4 14. cxd4 Nd6 15. Ne5 Nf5 16. Bxf5 exf5 17. Nc3 Nc6 18. Bf4 Ne7 19. Nd3 Bxd4 20. Nb5 Bb6 21. Bg5 Re8 22. Qe2 Qd7 23. Nf4 Bd8 24. Rad1 a6 25. Rxd5 Nxd5 26. Qxe8+ Qxe8 27. Rxe8+ Kf7 1-0

[Event "Madrid-chT 1415"]
[Site "Madrid"]
[Date "2015.01.24"]
[Round "7.3"]
[White "Taboas Rodriguez, Daniel"]
[Black "Solaesa Navalpotro, Luis Julio"]
[Result "1/2-1/2"]
[WhiteElo "2399"]
[BlackElo "2251"]
[PlyCount "119"]
[EventDate "2014.11.23"]
[EventType "team-tourn"]
[EventRounds "14"]
[EventCountry "ESP"]
[SourceTitle "EXT 2016"]
[Source "ChessBase"]
[SourceDate "2015.10.08"]
[SourceVersion "1"]
[SourceVersionDate "2015.10.08"]
[SourceQuality "1"]
[WhiteTeam "Blanco y Negro"]
[BlackTeam "Moratalaz"]
[WhiteTeamCountry "ESP"]
[BlackTeamCountry "ESP"]

1. d4 Nf6 2. c4 e6 3. Nc3 Bb4 4. e3 0-0 5. Bd3 d5 6. Nf3 dxc4 7. Bxc4 c5 8. 0-0 cxd4 9. exd4 Nbd7 10. Qe2 Nb6 11. Bd3 Nbd5 12. Ne4 Be7 13. a3 Bd7 14. Re1 Bc6 15. Ne5 Qb6 16. Nc5 a5 17. Be3 Nxe3 18. Qxe3 Rad8 19. Nc4 Qc7 20. Rac1 Bxc5 21. dxc5 Ng4 22. Qh3 Rxd3 23. Qxg4 a4 24. Red1 Rxd1+ 25. Rxd1 Bd5 26. Qd4 Qc6 27. Ne3 Rd8 28. h4 h6 29. Qb4 Rc8 30. Nxd5 exd5 31. Rd4 Qxc5 32. Qxc5 Rxc5 33. Rxa4 Kf8 34. Rb4 b5 35. Kf1 Ke7 36. Ke2 Kd6 37. Kd3 g5 38. b3 Kc6 39. hxg5 hxg5 40. Rg4 f6 41. f4 Rc1 42. fxg5 fxg5 43. Rxg5 Rd1+ 44. Kc3 d4+ 45. Kb4 Rc1 46. Rg8 Kd5 47. Kxb5 d3 48. a4 Kd4 49. Rd8+ Ke3 50. a5 Rb1 51. a6 Rxb3+ 52. Kc6 Ra3 53. Kb7 Rb3+ 54. Kc7 Ra3 55. Kb7 Rb3+ 56. Ka8 d2 57. a7 Ke2 58. g4 d1Q 59. Rxd1 Kxd1 60. g5 1/2-1/2

[Event "Madrid-chT 1415"]
[Site "Madrid"]
[Date "2014.12.21"]
[Round "4.3"]
[White "Solaesa Navalpotro, Luis Julio"]
[Black "Gallego Jimenez, Victoriano"]
[Result "0-1"]
[WhiteElo "2251"]
[BlackElo "2340"]
[PlyCount "62"]
[EventDate "2014.11.23"]
[EventType "team-tourn"]
[EventRounds "14"]
[EventCountry "ESP"]
[SourceTitle "EXT 2016"]
[Source "ChessBase"]
[SourceDate "2015.10.08"]
[SourceVersion "1"]
[SourceVersionDate "2015.10.08"]
[SourceQuality "1"]
[WhiteTeam "Moratalaz"]
[BlackTeam "Casa del Ajedrez"]
[WhiteTeamCountry "ESP"]
[BlackTeamCountry "ESP"]

1. Nf3 Nc6 2. d4 d5 3. c4 Bg4 4. cxd5 Bxf3 5. gxf3 Qxd5 6. e3 e5 7. Nc3 Bb4 8. Bd2 Bxc3 9. bxc3 Qd6 10. Rb1 b6 11. Bg2 Nge7 12. f4 exf4 13. e4 Rd8 14. Qe2 0-0 15. e5 Qa3 16. 0-0 Qxa2 17. Ra1 Qe6 18. Bxf4 f6 19. Bg3 fxe5 20. f4 Qb3 21. dxe5 Qxc3 22. Rac1 Qd4+ 23. Kh1 Nb4 24. Rxc7 Ned5 25. Rxa7 Ne3 26. Rc1 Rc8 27. Re1 Nd3 28. Qa2+ Kh8 29. Rf7 Nxe1 30. Bxe1 Rxf7 31. Qxf7 Qd1 0-1

[Event "Madrid-chT 1415"]
[Site "Madrid"]
[Date "2014.11.23"]
[Round "1.4"]
[White "Solaesa Navalpotro, Luis Julio"]
[Black "Vazquez Igarza, Renier"]
[Result "0-1"]
[WhiteElo "2251"]
[BlackElo "2597"]
[PlyCount "54"]
[EventDate "2014.11.23"]
[EventType "team-tourn"]
[EventRounds "14"]
[EventCountry "ESP"]
[SourceTitle "EXT 2016"]
[Source "ChessBase"]
[SourceDate "2015.10.08"]
[SourceVersion "1"]
[SourceVersionDate "2015.10.08"]
[SourceQuality "1"]
[WhiteTeam "Moratalaz"]
[BlackTeam "Collado Villalba"]
[WhiteTeamCountry "ESP"]
[BlackTeamCountry "ESP"]

1. d4 Nf6 2. Nf3 d5 3. c4 c6 4. Qc2 dxc4 5. Qxc4 Bg4 6. Nbd2 Nbd7 7. g3 e6 8. Bg2 Be7 9. 0-0 0-0 10. b3 Rc8 11. Bb2 b5 12. Qd3 Bf5 13. Qc3 c5 14. Nh4 Bg4 15. e4 cxd4 16. Qxd4 Be2 17. e5 Bxf1 18. Nxf1 Rc2 19. b4 Ng4 20. Nf3 Nb6 21. Qxg4 Rxb2 22. a3 Nc4 23. Qe4 Qb6 24. Ne3 Rd8 25. h4 a5 26. bxa5 Nxa5 27. Rc1 Nc4 0-1

[Event "Madrid San Viator op 20th"]
[Site "Madrid"]
[Date "2013.05.12"]
[Round "5"]
[White "Renteria Becerra, Jorge Elicer"]
[Black "Solaesa Navalpotro, Luis Julio"]
[Result "1-0"]
[WhiteElo "2300"]
[BlackElo "2249"]
[PlyCount "45"]
[EventDate "2013.04.07"]
[EventType "swiss"]
[EventRounds "9"]
[EventCountry "ESP"]
[SourceTitle "EXT 2014"]
[Source "ChessBase"]
[SourceDate "2013.11.20"]
[SourceVersion "1"]
[SourceVersionDate "2013.11.20"]
[SourceQuality "1"]

1. e4 c6 2. d4 d5 3. e5 Bf5 4. h4 h5 5. Bg5 Qb6 6. Bd3 Bxd3 7. Qxd3 e6 8. Nd2 Ne7 9. Ne2 Nd7 10. 0-0 Nf5 11. c4 dxc4 12. Nxc4 Qc7 13. Ng3 Nxg3 14. fxg3 Nb6 15. Nd2 c5 16. Rf3 Qd7 17. Raf1 cxd4 18. Rxf7 Qxf7 19. Rxf7 Kxf7 20. Qf3+ Kg8 21. Qxb7 Kh7 22. Qf3 Bb4 23. Ne4 1-0

[Event "Madrid Oliver Gonzalez Memorial-A 3rd"]
[Site "Madrid"]
[Date "2012.09.07"]
[Round "7"]
[White "Solaesa Navalpotro, Luis Julio"]
[Black "Pogorelov, Ruslan"]
[Result "1-0"]
[WhiteElo "2235"]
[BlackElo "2422"]
[PlyCount "137"]
[EventDate "2012.09.01"]
[EventType "swiss"]
[EventRounds "9"]
[EventCountry "ESP"]
[SourceTitle "CBM 150 Extra"]
[Source "ChessBase"]
[SourceDate "2012.10.19"]
[SourceVersion "1"]
[SourceVersionDate "2012.10.19"]
[SourceQuality "1"]

1. d4 e6 2. Nf3 Nf6 3. c4 b6 4. a3 Ba6 5. Qc2 Bb7 6. Nc3 c5 7. e4 cxd4 8. Nxd4 d6 9. Be2 Be7 10. 0-0 0-0 11. Be3 Nbd7 12. Rfd1 a6 13. f3 Rc8 14. Qd2 Qc7 15. Rac1 Qb8 16. Qe1 Rfe8 17. Qf2 Ne5 18. Qf1 Bd8 19. b4 Bc7 20. h3 Ng6 21. Bf2 h5 22. Bd3 h4 23. Nde2 Nh5 24. Qe1 Bd8 25. Qd2 Qc7 26. Na4 Qe7 27. Nxb6 Bxb6 28. Bxb6 Qf6 29. Be3 Ne5 30. Bd4 Qg6 31. Bxe5 dxe5 32. Qe3 f5 33. c5 Red8 34. Bc2 Qf6 35. Rxd8+ Rxd8 36. Rd1 Rxd1+ 37. Bxd1 fxe4 38. fxe4 Nf4 39. Nc3 Qg5 40. Bg4 Qd8 41. Bf3 Bc6 42. Ne2 Ng6 43. Bg4 Kf7 44. Qf3+ Ke7 45. Bh5 Nf4 46. Nxf4 exf4 47. Qxf4 Qd4+ 48. Qf2 Qa1+ 49. Qf1 Qxa3 50. Qf7+ Kd8 51. Qf8+ Kc7 52. Qxg7+ Kc8 53. Qf8+ Kc7 54. Qe7+ Kc8 55. Qxe6+ Bd7 56. Qd6 Qe3+ 57. Kh2 Bxh3 58. Qf8+ Kc7 59. Qf7+ Kc8 60. Qf3 Qxf3 61. gxf3 Bf1 62. Be8 Kd8 63. Bc6 Ke7 64. Bd5 Kf6 65. f4 Ke7 66. e5 Kd7 67. f5 Bd3 68. c6+ Kc7 69. f6 1-0

[Event "Madrid Oliver Gonzalez Memorial-A 3rd"]
[Site "Madrid"]
[Date "2012.09.01"]
[Round "1"]
[White "Solaesa Navalpotro, Luis Julio"]
[Black "Fedorchuk, Sergey A"]
[Result "0-1"]
[WhiteElo "2235"]
[BlackElo "2646"]
[PlyCount "62"]
[EventDate "2012.09.01"]
[EventType "swiss"]
[EventRounds "9"]
[EventCountry "ESP"]
[SourceTitle "CBM 150 Extra"]
[Source "ChessBase"]
[SourceDate "2012.10.19"]
[SourceVersion "1"]
[SourceVersionDate "2012.10.19"]
[SourceQuality "1"]

1. d4 Nf6 2. Nf3 e6 3. g3 b5 4. Bg2 Bb7 5. 0-0 c5 6. a4 b4 7. c4 Na6 8. d5 exd5 9. Nh4 Nc7 10. Nd2 Be7 11. cxd5 Bxd5 12. e4 Be6 13. f4 d6 14. e5 dxe5 15. Bc6+ Nd7 16. Bxa8 Qxa8 17. Ndf3 c4 18. Qe2 exf4 19. Bxf4 Nd5 20. Be5 Nxe5 21. Qxe5 0-0 22. Nd4 Bh3 23. Rfe1 c3 24. bxc3 Bf6 25. Qe2 Nxc3 26. Qf2 Rd8 27. Ndf3 b3 28. Ra3 Rb8 29. Nd2 b2 30. Nb1 Nxb1 31. Rxb1 Qe4 0-1